| 000 | 00347nam a2200145Ia 4500 | ||
|---|---|---|---|
| 005 | 20251222152649.0 | ||
| 008 | 251222s9999||||xx |||||||||||||| ||spa|| | ||
| 020 | _a997278004X | ||
| 082 | _a869.56/J18 | ||
| 100 | _aJallo, Carlos | ||
| 245 | 0 | _aLa Encrucijada del Paria | |
| 250 | _a1ra.ed. | ||
| 264 | _bEdiciones Mad Corp, S.A. | ||
| 942 | _cLIB | ||
| 999 |
_c28378 _d28378 |
||